Economics (Record no. 3441)

000 -LEADER
fixed length control field 00490nam a22002057a 4500
001 - CONTROL NUMBER
control field 3441
003 - CONTROL NUMBER IDENTIFIER
control field BD-DhUET
008 - FIXED-LENGTH DATA ELEMENTS--GENERAL INFORMATION
fixed length control field 141029b xxu||||| |||| 00| 0 eng d
020 ## - INTERNATIONAL STANDARD BOOK NUMBER
International Standard Book Number 007059855X
040 ## - CATALOGING SOURCE
Transcribing agency 0
Modifying agency BD-DhUET
082 ## - DEWEY DECIMAL CLASSIFICATION NUMBER
Classification number 330
Item number SAM/2005
100 ## - MAIN ENTRY--PERSONAL NAME
Personal name Samuelson , Paul A.
245 ## - TITLE STATEMENT
Title Economics
250 ## - EDITION STATEMENT
Edition statement 18th ed.
260 ## - PUBLICATION, DISTRIBUTION, ETC. (IMPRINT)
Place of publication, distribution, etc. New Delhi
Name of publisher, distributor, etc. Tata McGrawhill Publishing
Date of publication, distribution, etc. 2005
300 ## - PHYSICAL DESCRIPTION
Extent xxiv,776 p.
650 #0 - SUBJECT ADDED ENTRY--TOPICAL TERM
Topical term or geographic name as entry element Economics
700 ## - ADDED ENTRY--PERSONAL NAME
Personal name Nordhaus, William D.
942 ## - ADDED ENTRY ELEMENTS (KOHA)
Koha item type General Book
Holdings
Piece designation (barcode) Koha date last seen Date acquired Source of classification or shelving scheme Price effective from Koha issues (times borrowed) Withdrawn status Shelving location Location (home branch) Lost status Koha full call number Koha normalized classification for sorting Koha date last borrowed Damaged status Koha item type Not for loan Copy number Sublocation or collection (holding branch)
1017682016-07-122014-10-29 2014-10-295 Circulation sectionCentral Library, BUET 330/SAM/2005330SAM20052016-07-12 Guide Book 1Central Library, BUET
1017672019-01-302006-06-10 2019-01-30  Circulation sectionCentral Library, BUET 330/SAM/2005330_000000000000000_SAM_2005  General Book 2Central Library, BUET